Magnetic phase transitions in single crystals/ (Record no. 49745)

MARC details
000 -LEADER
fixed length control field 02618cam a22004098a 4500
003 - CONTROL NUMBER IDENTIFIER
control field WSP
005 - DATE AND TIME OF LATEST TRANSACTION
control field 20260416153410.0
008 - FIXED-LENGTH DATA ELEMENTS--GENERAL INFORMATION
fixed length control field 220529s2022 si ob 001 0 eng
020 ## - INTERNATIONAL STANDARD BOOK NUMBER
International Standard Book Number 9789811259494
-- (ebook)
020 ## - INTERNATIONAL STANDARD BOOK NUMBER
International Standard Book Number 9811259496
-- (ebook)
020 ## - INTERNATIONAL STANDARD BOOK NUMBER
Cancelled/invalid ISBN 9789811259487
-- (hbk.)
020 ## - INTERNATIONAL STANDARD BOOK NUMBER
Cancelled/invalid ISBN 9811259488
-- (hbk.)
042 ## - AUTHENTICATION CODE
Authentication code pcc
072 #7 - SUBJECT CATEGORY CODE
Subject category code SCI
Subject category code subdivision 077000
Source bisacsh
072 #7 - SUBJECT CATEGORY CODE
Subject category code SCI
Subject category code subdivision 065000
Source bisacsh
082 00 - DEWEY DECIMAL CLASSIFICATION NUMBER
Classification number 548/.85
Edition number 23
049 ## - LOCAL HOLDINGS (OCLC)
Holding library MAIN
100 1# - MAIN ENTRY--PERSONAL NAME
Personal name Belanger, David P.
245 10 - TITLE STATEMENT
Title Magnetic phase transitions in single crystals/
Statement of responsibility, etc David P. Belanger.
260 ## - PUBLICATION, DISTRIBUTION, ETC. (IMPRINT)
Place of publication, distribution, etc Singapore :
Name of publisher, distributor, etc World Scientific,
Date of publication, distribution, etc 2022.
300 ## - PHYSICAL DESCRIPTION
Extent 1 online resource (248 p.).
505 0# - FORMATTED CONTENTS NOTE
Contents An introduction to phase transitions and universality -- Universal critical behavior from theory and simulations -- Background on experimental techniques -- Critical behavior experiments on anisotropic and isotropic antiferomagnets -- Domains, excitations, and spin-glass-like behaviors -- Experiments on pure magnets with frustration -- The unusual magnetism of LaCoO3; a thermally excited exchange interaction and ordering at twin interfaces -- Conclusions and outstanding questions.
520 ## - SUMMARY, ETC.
Summary, etc "Magnetic crystals are ideal systems to study the universal properties of phase transitions, particularly systems with quenched randomness and frustration. Pure systems with different symmetries provide the foundation for studies in corresponding systems with quenched randomness. Because phenomena near phase transitions have universal properties, results from bulk magnetic crystals provide a basis for understanding phase transitions in films and nanoparticles, as well as many non-magnetic materials. This motivates the subject of this book, which discusses and studies phase transitions in magnetic crystals from the perspective of an experimentalist who has done extensive work in the field. The advantage is that many experimental techniques are described in sufficient detail for a good understanding of the results and their comparison to theory"--
650 #0 - SUBJECT ADDED ENTRY--TOPICAL TERM
Topical term or geographic name as entry element Crystals
650 #0 - SUBJECT ADDED ENTRY--TOPICAL TERM
Topical term or geographic name as entry element Phase transformations (Statistical physics)
856 40 - ELECTRONIC LOCATION AND ACCESS
Uniform Resource Identifier <a href="https://www.worldscientific.com/worldscibooks/10.1142/12923#t=toc">https://www.worldscientific.com/worldscibooks/10.1142/12923#t=toc</a>
942 ## - ADDED ENTRY ELEMENTS (KOHA)
Koha item type Electronic Books
504 ## - BIBLIOGRAPHY, ETC. NOTE
Bibliography, etc Includes bibliographical references and index.
520 ## - SUMMARY, ETC.
-- Provided by publisher.
538 ## - SYSTEM DETAILS NOTE
System details note Mode of access: World Wide Web.
538 ## - SYSTEM DETAILS NOTE
System details note System requirements: Adobe Acrobat reader.
650 #0 - SUBJECT ADDED ENTRY--TOPICAL TERM
General subdivision Magnetic properties.
655 #0 - INDEX TERM--GENRE/FORM
Genre/form data or focus term Electronic books.
Holdings
Withdrawn status Lost status Source of classification or shelving scheme Damaged status Not for loan Home library Location Date of Cataloging Total Checkouts Full call number Barcode Date last seen Uniform Resource Identifier Price effective from Koha item type
    Dewey Decimal Classification     CUTN Central Library CUTN Central Library 16/04/2026   548/.85 EB04975 16/04/2026 https://doi.org/10.1142/12923 16/04/2026 Electronic Books